000 00512cam a2200205 4500
001 D10222
008 090401t1983 xxu||||| |||| 00| 0 eng d
035 _a(Sirsi) u94461
041 _aeng
050 _a346.4104344
100 _aBernstein, Ronald
245 _aRaising the efficiency, and lowering the cost, of rent review
260 _c1983
350 _a0
520 _aIn Blundell Memorial lectures 1983
700 _aPurton, Peter
700 _aMarsh, David
942 _n0
948 _c04/03/1997
999 _c98047
_d98047